[Event "EU-ch 12th"]
[Site "Aix les Bains"]
[Date "2011.04.01"]
[Round "10"]
[White "Jobava, Baadur"]
[Black "Potkin, Vladimir"]
[Result "0-1"]
[WhiteElo "2707"]
[BlackElo "2653"]
[Annotator "Potkin,Vladimir"]
[PlyCount "52"]
[EventDate "2011.03.22"]
[EventType "swiss"]
[EventRounds "11"]
[EventCountry "FRA"]
[SourceTitle "CBM 142 Extra"]
[Source "ChessBase"]
[SourceDate "2011.06.27"]
[SourceVersion "1"]
[SourceVersionDate "2011.06.27"]
[SourceQuality "1"]

{After a very strong start, I had a series of draws, the last of which especially disappointed me. As a result, when in the penultimate round, I was paired with a strong and aggressive opponent, I was very pleased. Understanding that Baadur would strive only for a medal, I looked forward to an uncompromising battle and an interesting game, which was just what I needed at that moment.} 1. c4 c6 2. d4 d5 3. Nf3 Nf6 4. Qb3 e6 {In recent times, I have usually answered the modest queen move with 4...dxc4 5.xc4 g4, but since my opponent had obviously chosen this line deliberately, I decided to change course.} 5. Bg5 h6 6. Bh4 dxc4 7. Qxc4 b5 8. Qc2 Bb7 9. Nc3 {I suspect that White chose this setup at the board. White usually prefers 9.e3.} ({RR} 9. e3 Nbd7 10. a4 Rc8 11. Nbd2 g5 12. Bg3 Bb4 13. Be2 c5 14. d5 exd5 15. Bxb5 a6 16. Bd3 Ne4 17. Bxe4 dxe4 18. Ne5 Nxe5 19. Bxe5 Bxd2+ 20. Qxd2 Qxd2+ 21. Kxd2 f6 22. Bc3 Bd5 23. Rhc1 Kf7 {Sokolov,I (2592)-Van Wely,L (2629) Venlo NED 2025 ½-½ (41)}) 9... Nbd7 10. e4 Qb6 $146 {At this moment, I was convinced I knew the correct plan, but in this position, it proved too daring.} ({More in the spirit of the position was} 10... b4 11. Na4 Qa5) ({but I prefer the immediate} 10... Qa5) ({RR} 10... b4 11. Bxf6 gxf6 12. Na4 Qa5 13. b3 Rc8 14. Rd1 Bg7 15. Bc4 O-O 16. O-O Rfd8 17. Rfe1 {½-½ (17) Horvath,J (2519)-Ribli,Z (2577) Austria 2007}) 11. Be2 Nh5 {After making this curious move quite quickly, I was very pleased, but the reply came as an unpleasant surprise. But, he who doesn't take a risk, doesn't ever get to taste the champagne!} 12. d5 ({I had been counting on the natural} 12. O-O {where after} g5 13. Bg3 g4 14. Ne5 Nxg3 15. hxg3 Nxe5 16. dxe5 h5 17. a4 Bg7 {Black obtains comfortable play.}) 12... Nf4 ({I did not want to have to retreat after} 12... g5 13. dxe6 fxe6 14. Ne5) 13. dxe6 {White chose this move quite quickly, but during the game, I was more worried about 13.0-0, after which Black would have to make some positional concessions, in ordert to complete his development.} Nxe6 14. O-O-O {True to his aggressive style, Baadur chooses the most direct plan, showing that quiet development is not part of his plans.} Bb4 15. Kb1 ({We were both sure that the direct} 15. Rxd7 Kxd7 16. Ne5+ Ke8 17. Bh5 g6 18. Nxg6 {did not work because of} Qc5 {although the cold-blooded} 19. e5 {was missed by us both, and would have change the course of the game considerably, as White manages to create some threats against the enemy king in the centre.}) 15... Ndc5 16. Rd6 {White sets up a threat, but clearly did not anticipate that his opponent would simply ignore it.} O-O {It was still not too late to move the other knight.} 17. Nd5 cxd5 18. Rxb6 axb6 {After the queen sacrifice, Black soon outstrips his opponent in creating threats, the biggest problems for White being that his light-squared bishop is firing into the air.} 19. a3 ({After} 19. Bxb5 d4 20. Qc4 Bxe4+ 21. Ka1 {Black has a strong continuation of the attack, in the form of} Ra3 {and White must seek salvation in the endgame arising after} 22. Qxb4 Nb3+ 23. Qxb3 Rxb3 24. axb3 Ra8+ 25. Ba4 b5 26. Ka2 bxa4 27. b4 {Even so, it is clear this is what White should have played.}) ({The following variation demonstrates the dangers of White's position:} 19. Ne5 Rxa2 20. Kxa2 Nd4 21. Qd1 Ra8+ 22. Kb1 Ncb3 {winning.}) 19... dxe4 20. axb4 exf3 21. bxc5 ({Nor does} 21. Bxf3 Bxf3 22. bxc5 (22. gxf3 Nd4) 22... Bh5 {help, as the bishop transfers to the deadly diagonal.}) 21... fxe2 22. c6 Nd4 23. Qd3 ({After} 23. cxb7 {Black has the knockout blow} Ra1+ {and despite the resource} 24. Kxa1 Nxc2+ 25. Kb1 e1=Q+ 26. Rxe1 Nxe1 27. Bg3 {Black should win the endgame without particular problems, after} Nxg2 28. Kc2 f5 29. b8=Q Rxb8 30. Bxb8 Kf7 {and he is the first to occupy the key central squares.}) 23... Nxc6 24. f3 ({On} 24. Qxe2 {again} Ra4 {decides.}) 24... Ra4 25. Qd7 Rxh4 26. Qxb7 Rd4 ({Not} 26... Rd8 27. Qxc6 Rd1+ 28. Ka2 Rxh1 29. Qc8+ {with perpetual check. I have to mention Baadur's gentlemanly congratulations after the game. Not many players could maintain such manners, after defeat in so important a game. This win restored me to the leadership and made me the clear favourite amongst the three leaders going into the final round, thanks to my superior performance rating. I should thank all those close to me for their support. It was great to receive so many congratulations from around the world, and it made realise that some things are even worth celebrating more than a birthday!}) 0-1

[Event "1st 3-0 Thu 29th Jan 2026"]
[Site "chess.com INT"]
[Date "2026.01.29"]
[Round "6"]
[White "Deac, Bogdan-Daniel"]
[Black "Svane, R."]
[Result "1-0"]
[WhiteElo "2652"]
[BlackElo "2612"]
[PlyCount "51"]
[EventDate "2026.01.29"]

1. d4 d5 2. c4 e6 3. Nf3 a6 4. Bg5 Be7 5. Bxe7 Nxe7 6. Nbd2 O-O 7. g3 Nd7 8. Bg2 c5 9. cxd5 Nxd5 10. O-O b5 11. dxc5 Nxc5 12. Rc1 Na4 13. e4 ({RR} 13. Qb3 Bb7 14. Rfd1 Qe7 15. Ne5 Rac8 16. Nd3 h6 17. Rxc8 Rxc8 18. Rc1 Rxc1+ 19. Nxc1 Nc5 20. Qc2 g6 21. a3 h5 22. h4 Kg7 23. Ncb3 Nxb3 24. Nxb3 Nb6 25. Qc3+ Kg8 26. Qc5 Qxc5 27. Nxc5 Bc8 {Wu,D (2232)-Svane,R (2629) chess.com INT 2024 ½-½ (57)}) 13... Nb4 14. b3 ({RR} 14. a3 Nd3 15. Rc2 Ndxb2 16. Qb1 Nd3 17. Rd1 Qb6 18. Nb3 Nxf2 19. Rxf2 Nc3 20. Qc2 Nxd1 21. Qxd1 Bb7 22. Qd4 Qxd4 23. Nfxd4 Rac8 24. Na5 Ba8 25. e5 Bxg2 26. Kxg2 Rc3 27. Nac6 g6 28. Rf3 Rxf3 {Theodorou,N (2635)-Kourkoulos Arditis,S (2570) chess.com INT 2026 0-1 (74)}) 14... Nb2 $146 ({RR} 14... Nb6 15. a3 Nd3 16. Rc2 Ra7 17. Qe2 Rd7 18. Ne1 Bb7 19. Ndf3 Nxe1 20. Rxe1 Qe7 21. Qe3 Rc8 22. Rxc8+ Nxc8 23. Ne5 Rc7 24. b4 Nd6 25. Qb3 h6 26. Nd3 e5 27. Nc5 Ne8 28. Rd1 Bc8 29. Qd5 {Sorokin,A (2535)-Lin,A (2251) Chicago 2022 ½-½ (52)}) ({RR} 14... Nb6 15. a3 Nd3 16. Rc2 Ra7 17. Qe2 Rd7 18. Ne1 Bb7 19. Ndf3 Nxe1 20. Rxe1 Qe7 21. Qe3 Rc8 22. Rxc8+ Nxc8 23. Ne5 Rc7 24. b4 Nd6 25. Qb3 h6 26. Nd3 e5 27. Nc5 Ne8 28. Rd1 Bc8 29. Qd5 {Sorokin,A (2535)-Lin,A (2251) Chicago 2022 ½-½ (52)}) 15. Qe2 Bb7 16. Nb1 N2d3 17. Rcd1 Qe7 18. a3 Nc5 19. axb4 Nxe4 20. Ne5 Nf6 21. Bxb7 Qxb7 22. Nc3 Rac8 23. Rd3 h6 24. Rfd1 Qe7 25. Ng4 Nh7 26. Nd5 1-0

[Event "EU-ch 16th"]
[Site "Jerusalem"]
[Date "2015.03.04"]
[Round "8"]
[White "Dubov, Daniil"]
[Black "Matlakov, Maxim"]
[Result "1/2-1/2"]
[WhiteElo "2632"]
[BlackElo "2695"]
[PlyCount "51"]
[EventDate "2015.02.24"]
[EventType "swiss"]
[EventRounds "11"]
[EventCountry "ISR"]
[SourceTitle "CBM 166"]
[Source "ChessBase"]
[SourceDate "2015.05.11"]
[SourceVersion "1"]
[SourceVersionDate "2015.05.11"]
[SourceQuality "1"]

1. d4 Nf6 2. c4 e6 3. Nf3 d5 4. Bg5 Bb4+ 5. Nbd2 dxc4 6. Qa4+ Nc6 7. e3 ({RR} 7. a3 Bxd2+ 8. Bxd2 Qd5 9. Qc2 Nxd4 10. Nxd4 Qxd4 11. Bc3 Qg4 12. f3 Qh4+ 13. g3 Qh6 14. e4 Bd7 15. Bxc4 Bc6 16. Qf2 O-O 17. O-O Rfd8 18. Rad1 b6 19. Bd2 Qg6 20. Bf4 Nxe4 21. fxe4 Qxe4 {Carlsen,M (2775)-Morozevich,A (2788) Moscow 2008 1-0 (46)}) 7... Bd7 ({RR} 7... Qd5 8. Bxf6 gxf6 9. a3 b5 10. Qc2 Be7 11. b3 cxb3 12. Nxb3 f5 13. Bd3 Bb7 14. e4 fxe4 15. Bxe4 Nxd4 16. Nbxd4 Qxe4+ 17. Qxe4 Bxe4 18. Nxb5 O-O 19. O-O Bd3 20. Nxc7 Rac8 21. Rfc1 Bf6 22. Ra2 {Dubov,D (2699)-Bu,X (2705) chess24.com INT 2020 0-1 (45)}) 8. Qc2 b5 9. a3 ({RR} 9. a4 a6 10. Bxf6 gxf6 11. Be2 Ba5 12. O-O O-O 13. Rfd1 f5 14. Nf1 Nb4 15. Qc1 Nd5 16. axb5 axb5 17. Ng3 c3 18. b4 Bxb4 19. Rxa8 Qxa8 20. e4 fxe4 21. Qg5+ Kh8 22. Nh5 Rg8 23. Qe5+ f6 {Dziubinski,P (1970)-Bajno,A (1820) Polanica Zdroj 2025 1-0 (43)}) 9... Bxd2+ $146 ({RR} 9... Be7 10. b3 Na5 11. bxc4 Nxc4 12. Bxc4 bxc4 13. O-O c5 14. dxc5 Rc8 15. Bxf6 gxf6 16. Rfd1 Rxc5 17. Ne4 Rc7 18. Rd4 O-O 19. Rxc4 Rxc4 20. Qxc4 Qb6 21. Ng3 Kh8 22. h3 Bc6 23. Qh4 Qc5 24. Rd1 {Salgado Lopez,I (2607)-Delorme,A (2455) Chotowa 2010 0-1 (42)}) ({RR} 9... Be7 10. b3 cxb3 11. Nxb3 Rb8 12. Bd3 h6 13. Bh4 Nd5 14. Bg3 Bd6 15. O-O Bxg3 16. hxg3 O-O 17. e4 Nf6 18. Rfe1 Be8 19. Rad1 Rb6 20. Qc1 Ne7 21. Nc5 Nd7 22. Bb1 Qc8 23. d5 Nxc5 24. Qxc5 {Dubov,D (2658)-Alekseev,E (2607) Sochi 2017 1-0 (40)}) 10. Nxd2 e5 11. dxe5 Nxe5 12. a4 h6 13. Bh4 O-O 14. axb5 Bxb5 15. Nxc4 Qe7 16. Nxe5 Qxe5 17. Bxf6 gxf6 18. Ra5 a6 19. Bc4 Kg7 20. O-O Rad8 21. Qe2 c6 22. Qg4+ Qg5 23. Qf3 Rd6 24. Bxb5 cxb5 25. g3 Rc8 26. h4 1/2-1/2

[Event "CHN-chT"]
[Site "China"]
[Date "2018.05.23"]
[Round "6.2"]
[White "Ni, Hua"]
[Black "Vallejo Pons, Francisco"]
[Result "1/2-1/2"]
[WhiteElo "2670"]
[BlackElo "2709"]
[PlyCount "44"]
[EventDate "2018.04.11"]
[EventType "team-tourn"]
[EventRounds "22"]
[EventCountry "CHN"]
[SourceTitle "EXT 2019"]
[Source "ChessBase"]
[SourceDate "2018.10.10"]
[SourceVersion "1"]
[SourceVersionDate "2018.10.10"]
[SourceQuality "1"]
[WhiteTeam "Shanghai China Mobil"]
[BlackTeam "Chendu Beilei Youth"]
[WhiteTeamCountry "CHN"]
[BlackTeamCountry "CHN"]

1. d4 d5 2. c4 e6 3. Nf3 a6 4. Bg5 Be7 5. Bxe7 Qxe7 6. e3 Nf6 7. Nc3 ({RR} 7. Nbd2 O-O 8. Rc1 Nc6 9. cxd5 exd5 10. Be2 Na7 11. O-O c6 12. Nb3 Bg4 13. Nc5 Nb5 14. Re1 Nd6 15. Ne5 Bxe2 16. Rxe2 Nfe4 17. Ncd3 f6 18. Nf3 Rfe8 19. Qc2 Qf7 20. Rf1 Re7 21. Ree1 Rae8 {Sychev,K (2414)-Vallejo Pons,F (2706) Moscow 2015 ½-½ (87)}) 7... O-O 8. c5 ({RR} 8. Rc1 Rd8 9. Qc2 dxc4 10. Bxc4 c5 11. dxc5 Qxc5 12. Bd3 Nc6 13. a3 Ne5 14. Nxe5 Qxe5 15. Ne4 Bd7 16. Nxf6+ Qxf6 17. O-O Rac8 18. Qb1 Rxc1 19. Rxc1 g6 20. Be4 Bb5 21. Qc2 b6 22. g3 Qe5 {Nakamura,H (2761)-Carlsen,M (2861) Abidjan 2019 0-1 (45)}) ({RR} 8. Qc2 Nbd7 9. cxd5 exd5 10. Bd3 c6 11. O-O Re8 12. a3 Nf8 13. b4 Bg4 14. Ne5 Bh5 15. Rab1 Bg6 16. Bxg6 Nxg6 17. Nxg6 hxg6 18. a4 Rac8 19. Qd3 b5 20. Rfc1 Rcd8 21. axb5 axb5 22. Qc2 Rd6 {Camacho,G (2279)-Papasimakopoulos,A (2363) chess.com INT 2026 ½-½ (80)}) 8... Nc6 9. Be2 Rd8 $146 ({RR} 9... b6 10. cxb6 cxb6 11. O-O Bb7 12. Rc1 Rfc8 13. Ne5 Nxe5 14. dxe5 Nd7 15. Qd4 b5 16. Rfd1 b4 17. Na4 Bc6 18. Nb6 Nxb6 19. Qxb6 Qb7 20. Qd4 Qe7 21. Qb6 Qb7 22. Qd4 Qe7 {½-½ (22) Dev,S (2270)-Ongut,T (2322) Budapest 2021}) ({RR} 9... b6 10. cxb6 cxb6 11. O-O Bb7 12. Rc1 Rfc8 13. Ne5 Nxe5 14. dxe5 Nd7 15. Qd4 b5 16. Rfd1 b4 17. Na4 Bc6 18. Nb6 Nxb6 19. Qxb6 Qb7 20. Qd4 Qe7 21. Qb6 Qb7 22. Qd4 Qe7 {½-½ (22) Dev,S (2270)-Ongut,T (2322) Budapest 2021}) 10. O-O e5 11. Nxe5 Nxe5 12. dxe5 Qxe5 13. Qd4 Qe7 14. b4 c6 15. Rfe1 Bf5 16. a3 Re8 17. Bf1 h6 18. Rad1 Bc2 19. Rc1 Bf5 20. Rcd1 Bc2 21. Rc1 Bf5 22. Rcd1 Bc2 1/2-1/2

[Event "CHN-chT"]
[Site "China"]
[Date "2017.11.02"]
[Round "16.1"]
[White "Ivanchuk, Vassily"]
[Black "Lu, Shanglei"]
[Result "1/2-1/2"]
[WhiteElo "2729"]
[BlackElo "2620"]
[PlyCount "41"]
[EventDate "2017.04.18"]
[EventType "team-tourn"]
[EventRounds "22"]
[EventCountry "CHN"]
[SourceTitle "EXT 2019"]
[Source "ChessBase"]
[SourceDate "2018.10.10"]
[SourceVersion "1"]
[SourceVersionDate "2018.10.10"]
[SourceQuality "1"]
[WhiteTeam "Shenzhen"]
[BlackTeam "Zhejiang"]
[WhiteTeamCountry "CHN"]
[BlackTeamCountry "CHN"]

1. d4 d5 2. c4 e6 3. Nf3 Nf6 4. Bg5 c6 5. e3 h6 6. Bxf6 ({RR} 6. Bh4 g5 7. Bg3 Ne4 8. Be5 f6 9. Bxb8 Rxb8 10. Nfd2 f5 11. Qh5+ Ke7 12. Nxe4 dxe4 13. Nd2 c5 14. dxc5 Bg7 15. O-O-O Qa5 16. Kb1 Qxc5 17. Nb3 Qe5 18. Rd4 Bd7 19. Qd1 Rhd8 20. Qd2 b6 {Lou,Y (2468)-Wen,Y (2617) Beijing 2017 0-1 (45)}) ({RR} 6. Bh4 Nbd7 7. Bd3 g5 8. Bg3 Nh5 9. Be5 Nhf6 10. Bg3 Nh5 11. Be5 Nhf6 12. Nbd2 Nxe5 13. Nxe5 Nd7 14. O-O Nxe5 15. dxe5 Qb6 16. Qc2 Bd7 17. Rac1 Bg7 18. c5 Qc7 19. f4 O-O-O 20. b4 f6 {Stocek,J (2459)-Povshednyi,I (2309) Teplice CZE 2025 ½-½ (53)}) 6... Qxf6 7. Nbd2 g6 $146 ({RR} 7... Nd7 8. Bd3 g6 9. e4 Bg7 10. e5 Qe7 11. O-O O-O 12. c5 f5 13. exf6 Qxf6 14. Re1 b6 15. cxb6 axb6 16. Qc2 c5 17. Bxg6 Bb7 18. Bh5 Rac8 19. Bg4 cxd4 20. Qd1 Rce8 21. Nb3 Nc5 22. Nbxd4 {Nikolic,P (2631)-Habu,Y (2404) Brussels 2007 0-1 (46)}) ({RR} 7... Nd7 8. Qb3 g6 9. Bd3 Bg7 10. O-O Qd8 11. Rfd1 f5 12. Qc2 O-O 13. b4 Kh8 14. Rab1 Qe7 15. Bf1 g5 16. b5 g4 17. Ne1 f4 18. exf4 Bxd4 19. Nd3 e5 20. Nb3 dxc4 21. Qxc4 cxb5 22. Qxb5 {Kursova,M (2289)-Froewis,A (2113) Batumi 2018 1-0 (44)}) 8. Bd3 Bg7 9. O-O O-O 10. cxd5 exd5 11. b4 Qe7 12. Rb1 Be6 13. Nb3 b6 14. Qd2 Nd7 15. Rfc1 Rfc8 16. h3 Rab8 17. Ba6 Rc7 18. Bd3 Rcc8 19. Ba6 Rc7 20. Bd3 Rcc8 21. Ba6 1/2-1/2

[Event "RUS-chT 27th"]
[Site "Sochi"]
[Date "2020.11.28"]
[Round "9.4"]
[White "Sakaev, Konstantin"]
[Black "Zvjaginsev, Vadim"]
[Result "1/2-1/2"]
[WhiteElo "2612"]
[BlackElo "2602"]
[PlyCount "41"]
[EventDate "2020.11.19"]
[EventType "team-tourn"]
[EventRounds "9"]
[EventCountry "RUS"]
[SourceTitle "CBM 199"]
[Source "ChessBase"]
[SourceDate "2020.12.01"]
[SourceVersion "1"]
[SourceVersionDate "2020.12.01"]
[SourceQuality "1"]
[WhiteTeam "St Petersburg Bronze Horseman"]
[BlackTeam "Moscow KPRF"]
[WhiteTeamCountry "RUS"]
[BlackTeamCountry "RUS"]

1. d4 d5 2. c4 e6 3. Nf3 a6 4. Bg5 Nf6 5. Nbd2 ({RR} 5. cxd5 exd5 6. Nc3 Be7 7. e3 h6 8. Bh4 Nbd7 9. Bd3 c6 10. Qc2 O-O 11. O-O Re8 12. Rad1 Nb6 13. h3 Be6 14. Ne5 Nfd7 15. Bg3 Nxe5 16. dxe5 Qc8 17. f4 f5 18. exf6 Bxf6 19. e4 Bxc3 {Wojtaszek,R (2651)-Fedoseev,V (2739) Biel SUI 2025 1-0 (64)}) ({RR} 5. cxd5 exd5 6. e3 Be7 7. Qc2 h6 8. Bh4 Be6 9. h3 g5 10. Bg3 Ne4 11. Be5 f6 12. Bh2 c5 13. Nc3 Nc6 14. Be2 Bf5 15. Qc1 cxd4 16. exd4 Rc8 17. O-O Bb4 18. Qe3 O-O 19. Nd2 Re8 {Makhmutov,R (2450)-Zvjaginsev,V (2614) Sochi 2021 ½-½ (46)}) 5... c5 $146 ({RR} 5... Be7 6. e3 O-O 7. Bd3 dxc4 8. Nxc4 b5 9. Nce5 Bb7 10. Rc1 Nbd7 11. Nc6 Bxc6 12. Rxc6 h6 13. Bh4 Bb4+ 14. Ke2 Qe7 15. Qc2 Rfc8 16. Rxc7 Rxc7 17. Qxc7 Bd6 18. Qc6 Qf8 19. Rc1 Ra7 20. Qc8 {Wagner,D (2598)-Yonal,T (2042) chess.com INT 2023 1-0 (62)}) ({RR} 5... Bb4 6. Qc2 h6 7. Bxf6 Qxf6 8. a3 Bd6 9. e4 Qg6 10. Bd3 dxc4 11. Nxc4 Nc6 12. O-O-O Qxg2 13. Qe2 Qg4 14. d5 Qf4+ 15. Kb1 Ne7 16. e5 Bc5 17. d6 Nd5 18. Be4 O-O 19. Rhg1 b5 20. Na5 {Guha,E (2076)-Agmanov,B (2223) chess.com INT 2026 0-1 (46)}) 6. cxd5 exd5 7. g3 cxd4 8. Bg2 h6 9. Bxf6 Qxf6 10. O-O Be7 11. Nb3 O-O 12. Nfxd4 Rd8 13. e3 Nc6 14. Rc1 Ne5 15. h3 g6 16. Nc5 Nc6 17. Ncb3 Ne5 18. Nc5 Nc6 19. Ncb3 Ne5 20. Nc5 Nc6 21. Ncb3 1/2-1/2

[Event "Titled Tue 16th Jul Early"]
[Site "chess.com INT"]
[Date "2024.07.16"]
[Round "7"]
[White "Wagner, De"]
[Black "Anton Guijarro, D."]
[Result "1-0"]
[WhiteElo "2613"]
[BlackElo "2669"]
[PlyCount "39"]
[EventDate "2024.07.16"]

1. d4 d5 2. c4 e6 3. Nf3 c6 4. g3 dxc4 5. Bg2 b5 6. O-O Bb7 7. b3 cxb3 8. Qxb3 Nd7 ({RR} 8... Nf6 9. a4 a6 10. Rd1 Be7 11. Ba3 O-O 12. Ne5 Nd5 13. Nc3 Bxa3 14. Rxa3 Nd7 15. Nxd7 Qxd7 16. Ne4 b4 17. Nc5 Qe7 18. Bxd5 bxa3 19. Bc4 Rfb8 20. Qxa3 a5 21. Qe3 Bc8 22. Qe4 Rb4 23. Qxc6 {Andreikin,D (2724)-Zhigalko,S (2572) Chess.com INT 2021 ½-½ (34)}) 9. Rd1 Ngf6 10. Nc3 ({RR} 10. a4 a6 11. Ba3 Bxa3 12. Qxa3 Qe7 13. Qb3 O-O 14. Nc3 Rab8 15. e4 b4 16. Na2 a5 17. Nd2 c5 18. d5 exd5 19. exd5 Nxd5 20. Bxd5 Bxd5 21. Qxd5 Nb6 22. Qc6 Rfc8 23. Qb5 c4 24. Qxa5 c3 {Porat,I (2319)-Rueda Ahumada,G (1915) chess.com INT 2026 1-0 (85)}) 10... a5 $146 ({RR} 10... Be7 11. Ne5 Qb6 12. a4 b4 13. a5 Qc7 14. a6 Bxa6 15. Rxa6 bxc3 16. Nxc6 Bd6 17. Qxc3 O-O 18. Ne7+ Kh8 19. Qxc7 Bxc7 20. Bxa8 Rxa8 21. Nc6 Bb6 22. Bb2 Rc8 23. Nxa7 Rc2 24. Ba3 Rxe2 25. Nc6 {Bachmann,A (2588)-Jensen,M (2039) Chess.com INT 2022 1-0 (56)}) ({RR} 10... Be7 11. Ne5 Qb6 12. Be3 Qa6 13. Nd3 O-O 14. a4 b4 15. Nxb4 Bxb4 16. Qxb4 Nd5 17. Nxd5 cxd5 18. Bf1 Qb6 19. Qe7 Qd8 20. Qb4 Ba6 21. Bf4 Nb6 22. a5 Nc4 23. e4 Qd7 24. exd5 exd5 25. Re1 {Wagner,D (2598)-Neyman,I (2316) Viernheim GER 2023 1-0 (35)}) 11. Ne5 a4 12. Qc2 Qb6 13. Rb1 Nxe5 14. dxe5 Ng4 15. Ne4 Nxe5 16. Be3 Qa6 17. Bc5 Nc4 18. Bxf8 Kxf8 19. Nc5 Qa7 20. Nxb7 1-0

[Event "Pamplona 18th"]
[Site "Pamplona"]
[Date "2008.12.29"]
[Round "7"]
[White "Roiz, Michael"]
[Black "Vallejo Pons, Francisco"]
[Result "1/2-1/2"]
[WhiteElo "2677"]
[BlackElo "2664"]
[PlyCount "40"]
[EventDate "2008.12.22"]
[EventType "tourn"]
[EventRounds "7"]
[EventCountry "ESP"]
[EventCategory "16"]
[SourceTitle "CBM 128"]
[Source "ChessBase"]
[SourceDate "2009.01.28"]
[SourceVersion "1"]
[SourceVersionDate "2009.01.28"]
[SourceQuality "1"]

1. Nf3 {Aronian,Levon} d5 2. d4 Nf6 3. c4 e6 4. Bg5 h6 5. Bxf6 Qxf6 6. Qb3 ({RR} 6. Nbd2 Nd7 7. Rc1 c6 8. a3 g5 9. h3 ({RR} 9. e3 Bg7) ({RR} 9. e4 g4 10. e5 Qd8 ({RR} 10... Qf5 11. Ng1 ({RR} 11. Nh4 Qf4 12. Nb3 Be7) 11... c5 12. cxd5 cxd4 13. dxe6 Qxe5+ 14. Qe2 fxe6) 11. Ng1 Qb6 12. Nb3 a5 ({RR} 12... c5 13. Bd3 cxd4 14. f4) 13. c5 Qd8 14. Nd2 Rg8) 9... h5 10. cxd5 ({RR} 10. e4 g4 11. e5 Qg7) 10... exd5 11. e4 g4 12. e5 Qg7 13. Nh4 Qg5 14. g3 f6 15. e6 Nb6 16. Rc3 ({RR} 16. Bd3 Bxe6 17. Ng6 Rg8) 16... Bxe6 17. Re3 Kd7 ({RR} 17... Qg8 18. Ng6 Bh6 ({RR} 18... Qxg6 19. Bd3 f5 20. hxg4) 19. Nxh8 Bxe3 20. fxe3 Qxh8 21. hxg4 Qg7 22. g5) 18. Bd3 Re8 ({RR} 18... Nc4 19. Bxc4 dxc4 20. Ne4 Qa5+ 21. Kf1) ({RR} 18... Bd6 19. Rxe6 Kxe6 20. Nf5 Kd7) 19. Ng6 Rg8 ({RR} 19... Nc4 20. h4 Qh6 ({RR} 20... Nxe3 21. Qb3 Qh6 22. Qxb7+ Kd6 23. Nxh8) 21. Nxc4 dxc4 22. d5) 20. Nf4 Bh6 {Aronian,L (2739)-Anand,V (2799) Nice 2008 CBM 123 Extra [Aronian,Levon] 1-0 (50)} ({RR} 20... Bf7 21. Rxe8 Kxe8 22. hxg4 Qxg4 23. Be2 Qd7 24. Bxh5 Bd6)) ({RR} 6. Nbd2 g5 7. e3 Bg7 8. Rc1 O-O 9. Bd3 c6 10. g4 Nd7 11. h4 gxh4 12. cxd5 cxd5 13. Nxh4 e5 14. Nb3 e4 15. Be2 Qg5 16. Ng2 Nf6 17. Nf4 Rd8 18. Kd2 Bf8 19. Qg1 Bd7 20. Nc5 Rac8 {Vallejo Pons,F (2708)-Illingworth,M (2489) Pattaya 2015 1-0 (44)}) 6... c6 7. Nbd2 Nd7 ({RR} 7... Qe7 8. g3 Nd7 9. Bg2 g5 10. O-O f5 11. Qc2 Qf6 12. e3 Bd6 13. a3 a5 14. Ne1 h5 15. f4 h4 16. cxd5 cxd5 17. Ndf3 hxg3 18. hxg3 gxf4 19. gxf4 Qg7 20. Ng5 Nf6 21. Nef3 Bd7 22. Ne5 {Horvath,J (2393)-Kozak,A (2591) Hungary HUN 2024 0-1 (35)}) 8. Rd1 $146 ({RR} 8. g3 Qd8 9. Bg2 Be7 10. O-O O-O 11. e4 dxc4 12. Nxc4 b6 13. Rfd1 Bb7 14. Nfe5 Qc7 15. Qc3 Nxe5 16. dxe5 c5 17. Rd2 Rad8 18. Rad1 Rxd2 19. Rxd2 Rd8 20. Rxd8+ Qxd8 {½-½ (20) Endzelins,L-Unzicker,W Augsburg 1946}) 8... g5 9. e3 g4 10. Ng1 h5 11. Bd3 h4 12. Ne2 Qh6 13. e4 dxe4 14. Nxe4 f5 15. N4c3 Nf6 16. d5 Nd7 17. Qc2 Ne5 18. dxe6 Nxd3+ 19. Qxd3 Bxe6 20. O-O Rh7 1/2-1/2

[Event "Alekhine Memorial"]
[Site "Moscow"]
[Date "1992.??.??"]
[Round "?"]
[White "Jussupow, Artur"]
[Black "Anand, Viswanathan"]
[Result "1/2-1/2"]
[WhiteElo "2640"]
[BlackElo "2690"]
[PlyCount "37"]
[EventDate "1992.11.??"]
[EventType "tourn"]
[EventRounds "7"]
[EventCountry "RUS"]
[EventCategory "18"]
[SourceTitle "CBM 033"]
[Source "ChessBase"]
[SourceDate "1993.04.01"]
[SourceVersion "1"]
[SourceVersionDate "1993.04.01"]
[SourceQuality "1"]

1. d4 d5 2. Nf3 c6 3. c4 e6 4. e3 Nf6 5. Nbd2 c5 6. b3 dxc4 $146 ({RR} 6... Nc6 7. Bb2 cxd4 8. exd4 Ne4 9. c5 Be7 10. Bb5 Qa5 11. Bxc6+ bxc6 12. O-O Nxd2 13. Nxd2 O-O 14. Re1 Qb5 15. Re3 f6 16. a3 e5 17. dxe5 Bxc5 18. Rg3 Bxf2+ 19. Kxf2 Qb6+ 20. Re3 fxe5+ 21. Nf3 {Stahlberg,G-Bogoljubow,E Zuerich 1934 ½-½ (62)}) ({RR} 6... Nc6 7. Bb2 cxd4 8. exd4 Ne4 9. Bd3 Bb4 10. O-O Nxd2 11. Nxd2 dxc4 12. Nxc4 O-O 13. Be4 Ne7 14. Qd3 Ng6 15. Rfd1 Rb8 16. d5 exd5 17. Qd4 f6 18. Ne3 Qa5 19. Qxd5+ Qxd5 20. Nxd5 Ba5 21. Bd4 {Karpov,A (2760)-Kaidanov,G (2640) Tilburg 1993 ½-½ (48)}) ({RR} 6... Nc6 7. Bb2 Be7 8. Bd3 O-O 9. O-O b6 10. a3 Bb7 11. Qe2 Re8 12. Rfd1 Bf8 13. Rac1 cxd4 14. exd4 g6 15. c5 bxc5 16. dxc5 e5 17. Bb5 d4 18. Ba6 Qc8 19. Bxb7 Qxb7 20. b4 Rab8 21. Ba1 {De Verdier,M (2276)-Ivanov,S (2530) Sweden 2010 0-1 (57)}) ({RR} 6... Nc6 7. Bb2 Bd6 8. Rc1 cxd4 9. exd4 Qe7 10. Ne5 Ba3 11. Bxa3 Qxa3 12. cxd5 exd5 13. Nxc6 bxc6 14. Bd3 Bg4 15. Qc2 Qe7+ 16. Kf1 O-O 17. h3 Bd7 18. g3 Rae8 19. Kg2 g6 20. Nf3 Rc8 21. Qc5 {Kan,I-Levenfish,G Moscow 1935 ½-½ (39)}) 7. Bxc4 cxd4 8. Nxd4 Bd6 9. Bb2 O-O 10. O-O Bd7 11. Be2 Nc6 12. Nc4 Bc5 13. Bf3 Rc8 14. Nb5 Be7 15. Nbd6 Rc7 16. Nb5 Rc8 17. Rc1 a6 18. Nbd6 Rc7 19. Qd2 1/2-1/2